000 005900000a22002050004500
001 2241
003 CO-MdFUSB
005 20170605171221.0
008 170605b xxu||||| |||| 00| 0 eng d
020 _a978-84-236-8210-2
040 _cCO-MdBIC
082 0 4 _a863C Si172m
100 1 _aSierra i Fabra, Jordi
245 1 0 _aLas mil y una noches [...o casi]
250 _aTercera edición
260 _aEspaña: Edebé
300 _a152p / 30x23 up
505 0 0 _aGulliver SXXI -- La fabulosa leyenda del rey Arturo -- Las mil y una noches o casi -- Tu acabas los poemas
942 _cLGB
999 _c49387
_d49387